Noem de windrichtingen de afkortingen en de graden - Statistieken

Algemene statistieken
  • Deze quiz is 12 keer genomen
  • De gemiddelde score is 27 van 48
Antwoordstatistieken
Hint Antwoord % Correct
Afkorting N
100%
NO
100%
Windrichting Noord
100%
O
100%
Oost
100%
W
100%
West
100%
Z
100%
Zuid
100%
NoordOost
91%
Noordwest
91%
ZuidOost
91%
ZuidWest
91%
ZW
91%
NNO
82%
NW
82%
ZO
82%
NNW
73%
NoordNoordOost
73%
ZuidZuidOost
73%
ZZO
73%
ZZW
73%
NoordNoordWest
64%
ONO
64%
OZO
64%
ZuidZuidWest
64%
OostNoordOost
55%
OostZuidOost
55%
WestNoordWest
55%
WestZuidWest
55%
WNW
55%
WZW
55%
Graden
9%
112,5°
9%
135°
9%
157,5°
9%
180°
9%
202,5°
9%
22,5°
9%
225°
9%
247,5°
9%
270°
9%
292,5°
9%
315°
9%
337,5°
9%
45°
9%
67,5°
9%
90°
9%
Geen overeenkomende quizzen gevonden
Scoreverdeling
Procent van Mensen met Elke Score
Percentiel versus Aantal Correcte Antwoorden
Uw Scoregeschiedenis
U heeft deze quiz nog niet genomen